Obálka
Pro půjčování e-knih musíte být přihlášeni.
Jak si půjčit online?

Anička a Velikonoce /

Uloženo v:
Série:Anička, část 6
Hlavní autor: Peroutková, Ivana, 1960- (Autor)
Další autoři: Nováková, Jindřiška, 1954- (Autor), Issová, Martha, 1981- (Režisér)
Médium: E-audiokniha
Jazyk:Czech
Vydáno: Praha : Albatros, 2025
Témata:
Příbuzné jednotky:Z cyklu:: Anička
Tagy:
Žádné tagy
LEADER 03515nim a2200853 i 4500
001 313415
003 CZ PrSKC
005 20260601215742.0
007 sd fungnnmmned
008 250411s2025 xr nnnnj f n cze
015 |a cnb003681591 
020 |a 9788000077765 :  |c Kč 269,00 
040 |a ABA001  |b cze  |e rda 
072 7 |a 821.162.3-3  |x Česká próza  |2 Konspekt 
072 7 |a 821-93  |x Literatura pro děti a mládež (beletrie)  |2 Konspekt 
080 |a 821.162.3-32  |2 MRF 
080 |a (0:82-32)  |2 MRF 
080 |a (086.7.053.2)  |2 MRF 
080 |a (086.7)08  |2 MRF 
080 |a (086.76)  |2 MRF 
100 1 |a Peroutková, Ivana,  |d 1960-  |7 jn20000401963  |4 aut 
245 1 0 |a Anička a Velikonoce /  |c Ivana Peroutková 
264 1 |a Praha :  |b Albatros,  |c 2025 
300 |a 1 audiodisk (2 hod., 30 min.) ;  |c 12 cm 
306 |a 023000 
336 |a mluvené slovo  |b spw  |2 rdacontent 
337 |a audio  |b s  |2 rdamedia 
338 |a audiodisk  |b sd  |2 rdacarrier 
344 |a digital  |b optical  |2 rda 
347 |a audio soubor  |b MP3  |2 rda 
500 |a Název z disku 
500 |a Podle stejnojmenné knihy vydané nakladatelstvím Albatros v roce 2013 
500 |a Nezkrácená audiokniha ve formátu MP3 
508 |a Režie, Jindřiška Nováková 
511 0 |a Čte Martha Issová 
518 |o Nahráno  |d 2025  |p studio Karpofon 
521 8 |a Pro posluchače od 7 let 
655 7 |a české příběhy  |7 fd133973  |2 czenas 
655 7 |a zvukové záznamy pro děti a mládež  |7 fd186726  |2 czenas 
655 7 |a audioknihy  |7 fd119452  |2 czenas 
655 7 |a kompaktní disky  |7 fd201991  |2 czenas 
655 9 |a Czech stories  |2 eczenas 
655 9 |a juvenile sound recordings  |2 eczenas 
655 9 |a audiobooks  |2 eczenas 
655 9 |a compact discs  |2 eczenas 
700 1 |a Nováková, Jindřiška,  |d 1954-  |7 jn20010601354  |4 drt 
700 1 |a Issová, Martha,  |d 1981-  |7 js20051128007  |4 nrt 
787 0 8 |i Z cyklu:  |t Anička  |g 6 
900 |a ABA001  |b 20 
044 |a xr 
505 0 0 |t 01_Blizi se velikonocni svatky (4 min., 36 sek.) 
505 0 0 |t 02_Anicka pise dopisy (8 min., 14 sek.) 
505 0 0 |t 03_Cesta k babicce (6 min., 8 sek.) 
505 0 0 |t 04_Ranni ocista a poprve u slepic (4 min., 24 sek.) 
505 0 0 |t 05_Radostne setkani kamaradek (7 min., 22 sek.) 
505 0 0 |t 06_Na houpacce (11 min., 2 sek.) 
505 0 0 |t 07_Navsteva u pana Preclika (5 min., 4 sek.) 
505 0 0 |t 08_Rozjimani o zazraku (8 min., 7 sek.) 
505 0 0 |t 09_Barveni vajicek (8 min., 36 sek.) 
505 0 0 |t 10_U tunky (6 min., 34 sek.) 
505 0 0 |t 11_Ve stodole (6 min., 27 sek.) 
505 0 0 |t 12_Vylet na kolech (5 min., 13 sek.) 
505 0 0 |t 13_Pevnost v hlubokem lese (11 min., 14 sek.) 
505 0 0 |t 14_Aniccin zvlastni sen (10 min., 44 sek.) 
505 0 0 |t 15_Velikonocni pomlazka (6 min., 48 sek.) 
505 0 0 |t 16_Zatoulana slepice (10 min., 38 sek.) 
505 0 0 |t 17_Smutna zprava, radostna udalost (6 min., 42 sek.) 
505 0 0 |t 18_Louceni s kamarady (8 min., 14 sek.) 
505 0 0 |t 19_Naposled u slepic (4 min., 16 sek.) 
505 0 0 |t 20_V porodnici (6 min., 3 sek.) 
505 0 0 |t 21_Posledni zprava do deniku (3 min., 30 sek.) 
910 |a RBIT002 
998 |d 419873  |a https://core.palmknihy.cz/api/books/419873/cover?sujtas  |b https://core.palmknihy.cz/api/books/419873/cover/400?sujtas  |c https://core.palmknihy.cz/api/books/419873/cover/50?sujtas  |e 2031-12-31  |i 9788000077765  |l 9000  |q 49  |r 1  |s https://www.palmknihy.cz/kniha/419873  |t audiobook  |y 2025  |z 0  |v Anička  |w 6 
999 |d 313413